01301nam a2200301Ia 4500001000700000003000500007008004100012010001100053040000900064090001700073100004300090245021400133260004100347300001100388502007600399650005400475650004400529650004400573650003500617901001700652902000600669910000900675942000600684942000600690999001900696952014200715952014200857Z_2139CHAP220113s1995 xx 000 0 und d a163564 cCHAP aTesis T 1026 aTorres Barrientos, José Luis9114047 aDeficiencias más frecuentes en la formulación de proyectos agropecuarios de crédito, repercusión en la falta de pago a los bancos y recomendaciones para evitarlas /cpor José Luis Torres Barrientos aChapingo, Méx. :bEl autor,c1995 a186 h. aTesis (Ing. Agr. Esp. en Zootecnia) -- UACH. Departamento de Zootecnia aBancos y operaciones bancariasxMéxico 9137728 aCrédito agrícolaxMéxico 9137729 0aPolítica agrícolazMéxico9137730 aProyectosxEvaluación992525 aTESIS T 1026 aM a1995 c2 c2 c163564d163564 00102local4051708TESISaZbZd2005-11-09eEl autorl0oTesis T67 1026 1995p5101001535r2022-01-18 00:00:00tEj.1w2022-01-18yTESIS 00102local4055708TESISaZbZd2005-11-09eEl autorl0oTesis T67 1026 1995p5101001536r2022-01-18 00:00:00tEj.2w2022-01-18yTESIS